000 00345nam a2200133Ia 4500
008 240624s9999 xx 000 0 und d
041 _aeng
082 _a332.041 KAL
100 _aKALYAGIN VALERY A
245 _aNETWORK MODELS IN ECONOMICS AND FINANCE
260 _c2014
_aLondon
_bSpringer
300 _axv, 295 p,: 23 cm.
365 _cERU
_b30
999 _c31202
_d31202